000 00452nam a22001697a 4500
005 20170220091635.0
008 170220b xxu||||| |||| 00| 0 eng d
020 _a9780198708940
040 _cPK-LaUMT
082 _a287.09033
_bBRE-T
100 _aBrett C. McInelly
245 _aTextual warfare and the making of methodism/
_cBrett C. McInelly
260 _aNew York:
_bOxford University,
_c2014
300 _a245 p.
546 _aEN
942 _cBK
999 _c91041
_d91041